000 00631cam a22002293a 4500
001 28495
003 PGUSA
005 20140828083620.0
008 090404s2009||||xxu|||||s|||||000 1 eng d
040 _aPGUSA
_beng
042 _adc
050 4 _aPR
100 1 _aHay, Ian,
_d1876-1952
245 1 0 _aScally :
_bThe Story of a Perfect Gentleman
_h[electronic resource] /
_cIan Hay
260 _bProject Gutenberg,
_c2009
506 _aPublic domain in the USA.
516 _aElectronic text
653 _aDogs -- Fiction
830 0 _aProject Gutenberg
_v28495
856 4 0 _uhttp://www.gutenberg.org/ebooks/28495
942 _cEB
999 _c257750
_d257750